000
00332nam a22001457a 4500
008
230324b ||||| |||| 00| 0 eng d
020
_a
9781581103069
041
_a
eng
080
_2
28TH EDITION
_a
61
082
_a
61AAP
100
_a
4
101
_a
MJEKSI
245
_a
RED BOOK
_c
AMERICAN ACADEMY PEDIATRICS
942
_2
udc
_c
BK
999
_c
59447
_d
59447